| 000 | 00375nam a22001697a 4500 | ||
|---|---|---|---|
| 003 | OSt | ||
| 005 | 20120302145953.0 | ||
| 008 | 090605t xxu||||| |||| 00| 0 eng d | ||
| 035 | _a4426 | ||
| 040 | _cENGLISH | ||
| 100 |
_aS. RADHAKRISHNAN _95965 |
||
| 245 | _aOUR HERITAGE | ||
| 250 | _a1st | ||
| 260 |
_aDELHI _bORIENT _c1973 |
||
| 300 | _b156 pg | ||
| 942 |
_2ddc _cBOOK |
||
| 999 |
_c491030 _d491027 |
||